000
00253nam a2200121Ia 4500
100
_a
Ageloff/Roy
942
_c
BK
654
_a
A Printer
245
_a
A Printer On SQL
260
_b
Galgotia Pub.
_a
NEW DELHI
_c
1991
300
_a
168
546
_a
ENGLISH
999
_c
23042
_d
23042